| 000 | 00489nam a2200145 4500 | ||
|---|---|---|---|
| 082 | _aBESE-3 ATI | ||
| 100 | _aSITWAT ATIQ | ||
| 245 | _aBrain Fight Dementia Prediction App | ||
| 260 |
_aISLAMABAD _bNUST-SEECS _c2016 - |
||
| 300 |
_a62p. _eCD INCLUDES |
||
| 856 | _uhttp://10.250.8.41:8080/xmlui/handle/123456789/6811 | ||
| 942 |
_2ddc _cTHE |
||
| 999 |
_c173152 _d173152 |
||